Vita, morte & roch' n' roll : leggende e parabole dei padri fondatori /

Uloženo v:
Podrobná bibliografie
Hlavní autor: Gonella, Franco (Autor)
Médium: Kniha
Jazyk:italština
Vydáno: Roma : Castelvecchi, 1995
Edice:Contatti ; 45
Tagy: Přidat tag
Žádné tagy, Buďte první, kdo vytvoří štítek k tomuto záznamu!

MARC

LEADER 00000nam a22000007i 4500
001 IT\ICCU\REA\0035365
003 ItRI
005 20260115231945.0
008 951221s1995 it |||||| ||||| |||||c
020 |a 8886232527 
040 |b ita  |c importazione bologna sebina 
041 7 |a ita  |2 ISO-639-2 
100 1 |a Gonella, Franco  |0 IT\ICCU\REAV\094220  |4 aut 
245 1 0 |a Vita, morte & roch' n' roll :  |b leggende e parabole dei padri fondatori /  |c Franco Gonella ; presentazione di Gianluca Bocchi. 
260 |a Roma :  |b Castelvecchi,  |c 1995 
300 |a 112 p ;  |c 19 cm. 
830 0 |a Contatti ;  |v 45  |0 IT\ICCU\LO1\0306192 
942 |2 ddc  |c BK  |n 0 
952 |0 0  |1 0  |4 0  |6 DOC_781_660000000000000_GON  |7 0  |9 17822  |a BO  |b BO  |d 2026-01-15  |i 14220  |l 0  |o DOC 781.66 GON  |p BO14220  |r 2026-01-15 23:19:45  |w 2026-01-15  |x [Sebina 5] [1 v.]  |y BK  |z 1 v. (2. copia) 
952 |0 0  |1 0  |4 0  |6 DOC_781_660000000000000_GON  |7 0  |9 17823  |a BO  |b BO  |d 2026-01-15  |i 14252  |l 0  |o DOC 781.66 GON  |p BO14252  |r 2026-01-15 23:19:45  |w 2026-01-15  |x [Sebina 5] [1 v.]  |y BK  |z 1 v. 
999 |c 15161  |d 15161